La legitimación de la Edad Moderna
Gespeichert in:
| 1. Verfasser: | |
|---|---|
| Format: | Buch |
| Sprache: | Spanisch |
| Veröffentlicht: |
Valencia
Pre-Textos
2008
|
| Ausgabe: | 1a. ed |
| Schriftenreihe: | Pre-Textos, 944
|
| Schlagworte: | |
| Tags: |
Tag hinzufügen
Keine Tags, Fügen Sie den ersten Tag hinzu!
|
MARC
| LEADER | 00000cam a2200000 a 4500 | ||
|---|---|---|---|
| 001 | UCG2626 | ||
| 003 | CL-VaPUC | ||
| 008 | 100715e20080900sp |||||||||||||||||spa|d | ||
| 020 | |a 9788481919004 | ||
| 082 | 0 | 4 | |a 142 |b BLU |2 21 |
| 100 | 0 | |a Blumenberg, Hans |e author |9 551122 | |
| 245 | 1 | 3 | |a La legitimación de la Edad Moderna |
| 250 | |a 1a. ed | ||
| 300 | |a 603 p | ||
| 942 | |c BK | ||
| 945 | |d 20100715 00:00:00 |a mfarfan | ||
| 260 | |a Valencia |b Pre-Textos |c 2008 | ||
| 650 | 7 | |a FILOSOFIA ALEMANA SIGLO 19 |2 CL-VaPUC |9 391357 | |
| 650 | 7 | |a FILOSOFOS ALEMANES |2 CL-VaPUC |9 551123 | |
| 650 | 0 | |a Secularización |9 258584 | |
| 583 | |a last modification |c 20160829 04:49:16 |k Rodrigo Vera | ||
| 490 | 0 | |a Pre-Textos, 944 | |
| 999 | |c 341756 |d 341754 | ||
| 952 | |0 0 |1 0 |4 0 |6 142_000000000000000_BLU_2008 |7 0 |8 A |9 437460 |a BIBHIS |b BIBHIS |d 2019-11-22 |i 4689046 |o 142 BLU 2008 |p 4689046 |r 2025-01-20 |w 2019-11-22 |y BK |k HIS | ||